| 000 | 00771cab a2200265 4500 | ||
|---|---|---|---|
| 001 | ABS60658 | ||
| 008 | 090401t1999 xxu||||| |||| 00| 0 eng d | ||
| 035 | _a(Sirsi) u93355 | ||
| 041 | _aeng | ||
| 100 | _aBarnes, R. | ||
| 245 | _aJust the limit | ||
| 260 | _c1999 | ||
| 350 | _a0 | ||
| 490 |
_aBuilding _v264(8086) 7 May 1999, 63(1) |
||
| 520 | _aDiscusses Moores v Yakeley Associates and the effectiveness of clauses that limit a consultant's liability to less than his or her total insurance cover. | ||
| 650 | _aCONSULTANTS | ||
| 650 | _aLIABILITY | ||
| 650 | _aLIMITATION | ||
| 650 | _aLIMITED LIABILITY | ||
| 650 | _aREASONABLENESS | ||
| 650 | _aUNFAIR CONTRACT TERMS ACT 1977 | ||
| 690 |
_aInsurance _96249 |
||
| 942 | _n0 | ||
| 948 | _c17/05/1999 | ||
| 999 |
_c59172 _d59172 |
||